000 00318nam a2200109 4500
008 180220b xxu||||| |||| 00| 0 eng d
245 _aDavao region's economic growth 3rd highest in PH.
260 _aPhilippines
_bManila Bulletin
_cc2017
300 _apage 13.
650 0 _926691
_aEconomic conditions.
942 _2ddc
_cPER
999 _c8771
_d8771